000 00939nam a22002537a 4500
003 LK-CoMWRAF
005 20231006094608.0
008 231006b |||||||| |||| 00| 0 eng d
020 _a9789551302313
040 _aLK-CoMWRAF
_dLK-CoMWRAF
_eLK-CoMWRAF
041 _aeng
082 _a346.044
_bLAN
245 _aIs land just for men?:
_bcritiquing discriminatory laws, regulations and administrative practices relating to land and property rights of women in Sri Lanka
260 _aColombo:
_bLaw & Society Trust,
_c2010
300 _axxx, 330 p. ; 21 cm.
650 _aINHERITANCE AND SUCCESSION- Sri Lanka
650 _aLand titles -Sri Lanka
650 _a Right of property - Sri Lanka
650 _aSex discrimination against women -Law and legislation -Sri Lanka
650 _aWomen's rights -Sri Lanka
700 _a Pinto-Jayawardena, Kishali
_eed.
700 _aGuneratne, Jayantha de Almeida
_eed.
942 _cBK
999 _c3786
_d3786